[Event "72. Bulgaria ch"]
[Site "Plovdiv BUL"]
[Date "2008.03.16"]
[Round "4.3"]
[White "Tsvetkov, Ilia"]
[Black "Nikolov, Momchil"]
[Result "1-0"]
[WhiteElo "2352"]
[BlackElo "2500"]
[PlyCount "119"]
[EventDate "2008.03.14"]
[EventType "tourn"]
[EventRounds "13"]
[EventCountry "BUL"]
[EventCategory "8"]
[Source "lmi"]
[SourceDate "2008.03.14"]

1. d4 Nf6 2. c4 e6 3. Nf3 b6 4. g3 Bb7 5. Bg2 Be7 6. Nc3 O-O 7. Qc2 c5 8. d5
exd5 9. cxd5 b5 10. e4 b4 11. Na4 d6 12. O-O Nbd7 13. b3 Re8 14. Nb2 Ng4 15. h3
Nge5 16. Nd2 Nb6 17. f4 Ned7 18. Nbc4 Nxc4 19. Nxc4 Nb6 20. Bb2 Nxc4 21. bxc4
Bf6 22. Rfe1 Bxb2 23. Qxb2 f6 24. Kh2 a5 25. e5 fxe5 26. fxe5 dxe5 27. Rxe5 Qf6
28. Rae1 Rxe5 29. Rxe5 a4 30. Qe2 Rf8 31. Re6 Qd4 32. Re8 Qf6 33. Re6 Qf5 34.
Re7 Bc8 35. Rc7 h5 36. Qe7 Qg6 37. d6 h4 38. Bd5+ Kh7 39. Qxh4+ Qh6 40. Be4+
Bf5 41. Bxf5+ Rxf5 42. Qxh6+ Kxh6 43. Rxc5 Rf2+ 44. Kg1 Rd2 45. Ra5 b3 46. axb3
axb3 47. c5 Kg6 48. Rb5 b2 49. Rxb2 Rxb2 50. d7 Rd2 51. c6 Kf7 52. c7 Rxd7 53.
c8=Q Re7 54. Kf2 Re6 55. g4 Rf6+ 56. Kg3 Kg6 57. Qg8 Rb6 58. h4 Rf6 59. h5+ Kh6
60. Qh8+ 1-0

[Event "72. Bulgaria ch"]
[Site "Plovdiv BUL"]
[Date "2008.03.16"]
[Round "4.5"]
[White "Petkov, Vladimir"]
[Black "Vasilev, Milen"]
[Result "1/2-1/2"]
[WhiteElo "2434"]
[BlackElo "2470"]
[PlyCount "170"]
[EventDate "2008.03.14"]
[EventType "tourn"]
[EventRounds "13"]
[EventCountry "BUL"]
[EventCategory "8"]
[Source "lmi"]
[SourceDate "2008.03.14"]

1. d4 d5 2. c4 c6 3. Nf3 Nf6 4. e3 Bf5 5. Nc3 e6 6. Nh4 Bg6 7. Qb3 Qb6 8. Bd2
Nbd7 9. O-O-O Be7 10. Nxg6 hxg6 11. Be2 dxc4 12. Qxc4 Qc7 13. e4 Nb6 14. Qd3
Rxh2 15. Rxh2 Qxh2 16. Qf3 Rd8 17. e5 Nfd5 18. Ne4 Qh8 19. Kb1 Nc7 20. Bf4 Rd5
21. g4 Kd7 22. Nc3 Ra5 23. Bd2 Qf8 24. Rh1 Ncd5 25. Ne4 Ra4 26. Be3 Nc4 27. Bc1
Ncb6 28. Rh7 Rxd4 29. Qh1 Ba3 30. Rh3 Na4 31. Bd1 Qb4 32. Bxa4 Rxe4 33. Rxa3
Re1 34. Qf3 Ke7 35. Bd1 Qd4 36. Rd3 Qxe5 37. a3 a6 38. Bc2 Qf4 39. Qxf4 Nxf4
40. Rd1 Rxd1 41. Bxd1 Nd5 42. Kc2 f5 43. Kd3 e5 44. b4 Kd6 45. Bb2 b5 46. f3
Nf4+ 47. Ke3 Nd5+ 48. Kf2 Nf4 49. Bc2 Ke6 50. Kg3 Kf6 51. Bb3 Nd5 52. g5+ Ke6
53. f4 exf4+ 54. Kf3 Kd6 55. Bxg7 Ke6 56. Bd4 Kd6 57. Ba7 Ke5 58. Bc5 Ke6 59.
a4 Ke5 60. a5 Ke6 61. Ke2 Ke5 62. Kf3 Ke6 63. Bxd5+ Kxd5 64. Kxf4 Ke6 65. Ke3
Kd5 66. Kd3 Ke5 67. Ke3 Kd5 68. Be7 Kc4 69. Kf4 Kd4 70. Bf8 Kd5 71. Bc5 Ke6 72.
Bf2 Kd5 73. Bg1 Ke6 74. Bb6 Kd5 75. Be3 Ke6 76. Kf3 Ke5 77. Bf4+ Kd5 78. Be3
Ke5 79. Bc5 Kd5 80. Ke3 Ke5 81. Bd4+ Kd5 82. Kd3 Kd6 83. Bf2 Kd5 84. Bg1 Ke5
85. Ke3 Kd5 1/2-1/2

[Event "72. Bulgaria ch"]
[Site "Plovdiv BUL"]
[Date "2008.03.17"]
[Round "5.1"]
[White "Milchev, Nikolay"]
[Black "Kozhuharov, Spas"]
[Result "1/2-1/2"]
[WhiteElo "2373"]
[BlackElo "2456"]
[PlyCount "96"]
[EventDate "2008.03.14"]
[EventType "tourn"]
[EventRounds "13"]
[EventCountry "BUL"]
[EventCategory "8"]
[Source "lmi"]
[SourceDate "2008.03.14"]

1. d4 Nf6 2. Nf3 e6 3. e3 d5 4. Bd3 c5 5. c3 Nbd7 6. O-O Be7 7. Nbd2 O-O 8. Qe2
Qc7 9. e4 dxe4 10. Nxe4 h6 11. Ng3 Re8 12. Ne5 b6 13. Re1 Bf8 14. Bf4 Bb7 15.
Bb5 Red8 16. Rad1 Nd5 17. Bc1 Nxe5 18. dxe5 Ne7 19. Bd3 Rd7 20. Bc2 Rxd1 21.
Qxd1 Rd8 22. Qg4 Kh8 23. Qh5 Kg8 24. Qg4 Kh8 25. Qh5 Kg8 26. Ne4 Nf5 27. g4
Bxe4 28. Rxe4 Ne7 29. Qh3 Qc6 30. f3 Ng6 31. g5 hxg5 32. Bxg5 Rd5 33. Re1 Qd7
34. Qh5 c4 35. Bxg6 fxg6 36. Qxg6 Rd1 37. Qe4 Bc5+ 38. Kg2 Rxe1 39. Qxe1 Qd3
40. a3 Qc2+ 41. Qd2 Qb1 42. Bf4 Qg1+ 43. Kh3 Qf1+ 44. Kg4 Qb1 45. Kh3 Qf1+ 46.
Kg4 Qb1 47. Kh3 Qf1+ 48. Kg4 Bf8 1/2-1/2

[Event "72. Bulgaria ch"]
[Site "Plovdiv BUL"]
[Date "2008.03.17"]
[Round "5.2"]
[White "Iotov, Valentin"]
[Black "Mladenov, Plamen"]
[Result "1-0"]
[WhiteElo "2485"]
[BlackElo "2288"]
[PlyCount "135"]
[EventDate "2008.03.14"]
[EventType "tourn"]
[EventRounds "13"]
[EventCountry "BUL"]
[EventCategory "8"]
[Source "lmi"]
[SourceDate "2008.03.14"]

1. d4 d5 2. Nf3 Nf6 3. c4 c6 4. Nc3 dxc4 5. e3 b5 6. a4 b4 7. Na2 e6 8. Bxc4
Bb7 9. O-O Nbd7 10. Qe2 Be7 11. e4 c5 12. dxc5 Nxe4 13. Rd1 Nexc5 14. Bb5 O-O
15. Ne5 Bd5 16. Bxd7 Nxd7 17. Rxd5 exd5 18. Nc6 Qb6 19. Nxe7+ Kh8 20. Nxd5 Qd4
21. Naxb4 a5 22. Qd3 Rfe8 23. Bf4 Qxb2 24. Rb1 Qe2 25. Nc7 Rab8 26. Nb5 Qe1+
27. Qf1 Qxf1+ 28. Kxf1 axb4 29. Bxb8 Rxb8 30. Rxb4 g6 31. Rd4 Nc5 32. Nc3 Nb3
33. Rd3 Kg7 34. Ke1 Na5 35. Kd1 Kf6 36. Rd5 Nc4 37. Rc5 Nd6 38. Kc2 Ke6 39. a5
Kd7 40. f3 Ra8 41. Nd5 Ra7 42. Nb6+ Ke7 43. Kc3 Kf8 44. Kb4 Nb7 45. Rc8+ Kg7
46. Nc4 h5 47. Rc6 Nxa5 48. Nxa5 g5 49. Rc5 Kg6 50. Kc3 h4 51. Kd3 f5 52. h3
Re7 53. Nc4 Re1 54. Rc6+ Kh5 55. Ne3 g4 56. hxg4+ fxg4 57. Rc5+ Kg6 58. fxg4
Ra1 59. Ke4 Rh1 60. Kf4 h3 61. gxh3 Rxh3 62. Rc6+ Kf7 63. g5 Rh1 64. Kf5 Re1
65. Rc7+ Kf8 66. Ng4 Ra1 67. Kg6 Rg1 68. Nh6 1-0

[Event "72. Bulgaria ch"]
[Site "Plovdiv BUL"]
[Date "2008.03.17"]
[Round "5.3"]
[White "Vasilev, Milen"]
[Black "Janev, Evgeni"]
[Result "1/2-1/2"]
[WhiteElo "2470"]
[BlackElo "2485"]
[PlyCount "58"]
[EventDate "2008.03.14"]
[EventType "tourn"]
[EventRounds "13"]
[EventCountry "BUL"]
[EventCategory "8"]
[Source "lmi"]
[SourceDate "2008.03.14"]

1. d4 Nf6 2. c4 d6 3. Nf3 g6 4. Nc3 Bg7 5. e4 O-O 6. Be2 e5 7. dxe5 dxe5 8.
Qxd8 Rxd8 9. Nd5 Nxd5 10. cxd5 c6 11. Bc4 cxd5 12. Bxd5 Na6 13. Bg5 Re8 14.
O-O-O Nc7 15. Bb3 Be6 16. Bxe6 Nxe6 17. Be3 Red8 18. Rxd8+ Rxd8 19. Rd1 Rxd1+
20. Kxd1 b6 21. Ng5 Nxg5 22. Bxg5 f5 23. f3 Kf7 24. g4 fxe4 25. fxe4 h5 26.
gxh5 gxh5 27. Kc2 Ke6 28. Kc3 Kd6 29. Kc4 Kc6 1/2-1/2

[Event "72. Bulgaria ch"]
[Site "Plovdiv BUL"]
[Date "2008.03.17"]
[Round "5.4"]
[White "Rusev, Krasimir"]
[Black "Petkov, Vladimir"]
[Result "1-0"]
[WhiteElo "2521"]
[BlackElo "2434"]
[PlyCount "93"]
[EventDate "2008.03.14"]
[EventType "tourn"]
[EventRounds "13"]
[EventCountry "BUL"]
[EventCategory "8"]
[Source "lmi"]
[SourceDate "2008.03.14"]

1. d4 Nf6 2. c4 e6 3. Nf3 d5 4. Nc3 Bb4 5. cxd5 exd5 6. Bg5 Nbd7 7. e3 c5 8.
Bd3 c4 9. Bf5 Nb6 10. Bxc8 Rxc8 11. O-O O-O 12. Ne5 Bxc3 13. bxc3 Qd6 14. Bxf6
Qxf6 15. a4 Rc7 16. Re1 Qe6 17. f3 f6 18. Ng4 Re7 19. e4 Rfe8 20. e5 Nd7 21. f4
fxe5 22. fxe5 Rf7 23. Rb1 Nf8 24. Ne3 Ng6 25. Qg4 Nf4 26. Qxe6 Rxe6 27. g3 Nh3+
28. Kh1 Rf2 29. Rxb7 Rb6 30. Rxb6 axb6 31. Nxd5 Rc2 32. Rf1 g5 33. e6 Nf2+ 34.
Kg2 Ng4+ 35. Kg1 Kg7 36. e7 Re2 37. h3 Nh6 38. Rf8 Rxe7 39. Nxe7 Kxf8 40. Nd5
Nf5 41. Kf2 Nd6 42. Kf3 b5 43. a5 Kf7 44. a6 Nc8 45. Ke4 Na7 46. Ke5 Nc8 47.
Nb4 1-0

[Event "72. Bulgaria ch"]
[Site "Plovdiv BUL"]
[Date "2008.03.17"]
[Round "5.5"]
[White "Nikolov, Momchil"]
[Black "Spasov, Vasil"]
[Result "1/2-1/2"]
[WhiteElo "2500"]
[BlackElo "2579"]
[PlyCount "97"]
[EventDate "2008.03.14"]
[EventType "tourn"]
[EventRounds "13"]
[EventCountry "BUL"]
[EventCategory "8"]
[Source "lmi"]
[SourceDate "2008.03.14"]

1. d4 Nf6 2. c4 g6 3. Nc3 Bg7 4. e4 d6 5. f3 O-O 6. Bg5 a6 7. Qd2 Nbd7 8. Nh3
c5 9. d5 b5 10. Nf2 Qa5 11. cxb5 Nb6 12. Nfd1 axb5 13. Nxb5 Bd7 14. Nbc3 e6 15.
dxe6 Bxe6 16. Qxd6 Na4 17. Qd2 Rfd8 18. Qc2 c4 19. Bd2 Rxd2 20. Qxd2 Rd8 21.
Qc2 Nxb2 22. Qxb2 Nxe4 23. fxe4 Rxd1+ 24. Kxd1 Bxc3 25. Qb8+ Kg7 26. Rc1 Bg4+
27. Kc2 Be5 28. Qxe5+ Qxe5 29. Bxc4 Qxe4+ 30. Kb3 Qb7+ 31. Kc3 Qxg2 32. a4 Bf3
33. Rhf1 f5 34. Rc2 Qh3 35. Kb4 Be4 36. Ra2 Qh4 37. a5 Bd5 38. Rc1 Qe7+ 39. Kb5
Qe5 40. Kb4 Qd6+ 41. Kb3 f4 42. Rcc2 Qb8+ 43. Kc3 Qe5+ 44. Kb3 Qe3+ 45. Kb4
Qe7+ 46. Kb3 Qb7+ 47. Kc3 Qc6 48. Kb4 Qd6+ 49. Kb3 1/2-1/2

[Event "72. Bulgaria ch"]
[Site "Plovdiv BUL"]
[Date "2008.03.17"]
[Round "5.6"]
[White "Radulski, Julian"]
[Black "Tsvetkov, Ilia"]
[Result "1/2-1/2"]
[WhiteElo "2511"]
[BlackElo "2352"]
[PlyCount "159"]
[EventDate "2008.03.14"]
[EventType "tourn"]
[EventRounds "13"]
[EventCountry "BUL"]
[EventCategory "8"]
[Source "lmi"]
[SourceDate "2008.03.14"]

1. d4 d5 2. c4 c6 3. Nf3 Nf6 4. Nc3 e6 5. Bg5 Nbd7 6. cxd5 exd5 7. e3 Be7 8.
Bd3 O-O 9. Qc2 Re8 10. O-O Nf8 11. h3 Be6 12. Rfe1 Nh5 13. Bxe7 Qxe7 14. Rab1
Nf6 15. b4 Rac8 16. Qa4 a6 17. Qc2 h6 18. Na4 Ne4 19. Nc5 Bf5 20. Ne5 f6 21.
Nf3 Bh7 22. Nd2 Nd6 23. a4 Bxd3 24. Qxd3 Qf7 25. f3 Re7 26. Re2 Rce8 27. Rbe1
Ne6 28. Ndb3 Qh5 29. Nxe6 Rxe6 30. Nc5 R6e7 31. e4 Kh8 32. a5 Qh4 33. Kh1 Qf4
34. Qc2 Qg5 35. Kg1 Qh4 36. Qd3 Qf4 37. Qe3 Qxe3+ 38. Rxe3 Nf5 39. Rd3 Nd6 40.
g4 Kg8 41. Rde3 Nb5 42. Kf2 dxe4 43. Nxe4 Kf8 44. Rd1 Nd6 45. Rde1 Nb5 46. Rd3
Nd6 47. Nxd6 Rxe1 48. Nxe8 Rxe8 49. h4 Rd8 50. Ke3 Ke7 51. h5 Ke6 52. Ke4 Rd5
53. Re3 Rb5 54. Kd3+ Kf7 55. Kc4 Rd5 56. Re4 Rb5 57. Rf4 Ke6 58. Re4+ Kf7 59.
Re3 Rd5 60. Rc3 Ke6 61. Kd3 Rb5 62. Rc4 f5 63. Rc5 fxg4 64. fxg4 Rxb4 65. Re5+
Kd6 66. Ke4 Rb5 67. Rf5 Ke6 68. Rc5 Rxc5 69. dxc5 Kf6 70. Kf4 g6 71. hxg6 Kxg6
72. Kf3 Kf6 73. Kf4 Kg6 74. Kf3 Kf7 75. Ke3 Kg7 76. Ke4 Kg6 77. Kf3 Kf7 78. Ke3
Ke7 79. Kf3 Kf7 80. Ke4 1/2-1/2

[Event "72. Bulgaria ch"]
[Site "Plovdiv BUL"]
[Date "2008.03.17"]
[Round "5.7"]
[White "Lilov, Valeri"]
[Black "Arnaudov, G. Petar"]
[Result "1/2-1/2"]
[WhiteElo "2323"]
[BlackElo "2345"]
[PlyCount "130"]
[EventDate "2008.03.14"]
[EventType "tourn"]
[EventRounds "13"]
[EventCountry "BUL"]
[EventCategory "8"]
[Source "lmi"]
[SourceDate "2008.03.14"]

1. d4 Nf6 2. Nf3 d5 3. c4 c6 4. Qc2 dxc4 5. Qxc4 Bf5 6. g3 Nbd7 7. Bg2 e6 8.
O-O Be7 9. Nc3 O-O 10. Re1 Ne4 11. Qb3 Qb6 12. Nh4 Qxb3 13. axb3 Bb4 14. Ra4
Bxc3 15. bxc3 Nxc3 16. Nxf5 exf5 17. Rc4 Ne4 18. g4 Nd6 19. Rc2 Rfe8 20. Bf4
Nb5 21. gxf5 Nf6 22. Rd1 Rad8 23. e3 Nd6 24. Rc5 Nfe4 25. Ra5 Nc3 26. Rd2 Ndb5
27. h4 Re7 28. h5 f6 29. Ra1 h6 30. Kh1 Kh7 31. Rc2 a6 32. Rac1 Ne4 33. f3 Ng5
34. Rd2 Kh8 35. Rc5 Nf7 36. Bf1 Ne5 37. Kg2 Nd7 38. Rc1 Nb6 39. Bxb5 axb5 40.
e4 Red7 41. Be3 Nc8 42. Ra2 Nd6 43. Kg3 b4 44. Ra4 Nb5 45. Rxb4 Nxd4 46. Bxd4
Rxd4 47. Rxb7 R8d6 48. b4 Rd1 49. Rc2 R1d2 50. Rc5 Rd1 51. Rb8+ Kh7 52. b5 R6d3
53. bxc6 Rf1 54. Rb2 Rfxf3+ 55. Kg2 Rg3+ 56. Kf2 Rgf3+ 57. Ke1 Rfe3+ 58. Re2
Rc3 59. Rd5 Rxe2+ 60. Kxe2 Rxc6 61. Kf3 Rc3+ 62. Kf4 Rc4 63. Rd8 Ra4 64. Ke3
Ra3+ 65. Kf4 Ra4 1/2-1/2

[Event "72. Bulgaria ch"]
[Site "Plovdiv BUL"]
[Date "2008.03.18"]
[Round "6.1"]
[White "Kozhuharov, Spas"]
[Black "Arnaudov, G. Petar"]
[Result "1-0"]
[WhiteElo "2456"]
[BlackElo "2345"]
[PlyCount "115"]
[EventDate "2008.03.14"]
[EventType "tourn"]
[EventRounds "13"]
[EventCountry "BUL"]
[EventCategory "8"]
[Source "lmi"]
[SourceDate "2008.03.14"]

1. Nf3 Nf6 2. c4 g6 3. Nc3 Bg7 4. e4 d6 5. d4 O-O 6. Be2 Bg4 7. Be3 Nfd7 8. Qd2
a6 9. Ng1 Bxe2 10. Ngxe2 c5 11. dxc5 dxc5 12. Rd1 Qa5 13. O-O Ne5 14. b3 Nbc6
15. Na4 Qxd2 16. Rxd2 b5 17. cxb5 axb5 18. Nxc5 Ra3 19. h3 Nb4 20. Nd4 Nec6 21.
Nxb5 Rxa2 22. Rxa2 Nxa2 23. Rd1 Rb8 24. Nc7 h5 25. Rd7 e6 26. N7a6 Rb5 27. Rc7
Nd4 28. Rc8+ Kh7 29. Rb8 Ra5 30. Rb7 Kg8 31. b4 Ra3 32. Nb8 Nc2 33. Bd2 Bc3 34.
Bxc3 Rxc3 35. Ncd7 Ncxb4 36. Ne5 Nd3 37. Nbd7 Nxe5 38. Nxe5 Rc1+ 39. Kh2 Nc3
40. Rxf7 Nxe4 41. Rf4 Nd2 42. h4 g5 43. hxg5 Rc5 44. Nf7 Kh7 45. Kh3 Kg6 46.
Kh4 Rc1 47. Ne5+ Kg7 48. Kxh5 Rc5 49. Rd4 Rd5 50. Rxd5 exd5 51. f4 Nc4 52. Kg4
Ne3+ 53. Kf3 Nf5 54. g4 Nd4+ 55. Ke3 Ne6 56. Nf3 Kf7 57. f5 d4+ 58. Ke4 1-0

[Event "72. Bulgaria ch"]
[Site "Plovdiv BUL"]
[Date "2008.03.18"]
[Round "6.2"]
[White "Tsvetkov, Ilia"]
[Black "Lilov, Valeri"]
[Result "0-1"]
[WhiteElo "2352"]
[BlackElo "2323"]
[PlyCount "110"]
[EventDate "2008.03.14"]
[EventType "tourn"]
[EventRounds "13"]
[EventCountry "BUL"]
[EventCategory "8"]
[Source "lmi"]
[SourceDate "2008.03.14"]

1. d4 Nf6 2. c4 e6 3. Nc3 Bb4 4. e3 O-O 5. Nge2 d5 6. a3 Be7 7. Ng3 c5 8. dxc5
Bxc5 9. b4 Be7 10. cxd5 exd5 11. Be2 Nc6 12. b5 Na5 13. O-O Be6 14. Bf3 Qd7 15.
Nge2 Rfc8 16. Bd2 Nc4 17. a4 Bb4 18. Rb1 Ba5 19. Rc1 Rc7 20. Nb1 Bb6 21. Bc3
Ng4 22. Nd4 Nge5 23. Be2 a6 24. Qb3 axb5 25. Nxb5 Rcc8 26. Bd4 Bxd4 27. exd4
Nc6 28. Rfd1 h6 29. N1c3 Ra6 30. h3 Qe7 31. Bxc4 dxc4 32. Qb2 Qg5 33. Kh1 Na5
34. d5 Bd7 35. Ne4 Qh4 36. Ned6 Rd8 37. Rc3 Bxb5 38. Nxb5 Qh5 39. Re1 Rg6 40.
d6 Qd5 41. f3 Nb3 42. Qc2 Na5 43. Rce3 Kh7 44. Re4 b6 45. Rd4 Qg5 46. Rg4 Qf6
47. Rxg6 fxg6 48. Re4 Nb7 49. Rxc4 Nxd6 50. Rc6 Qa1+ 51. Kh2 Nf5 52. Nc3 Qe1
53. Qe4 Qg3+ 54. Kg1 Rd2 55. Nb5 Rd8 0-1

[Event "72. Bulgaria ch"]
[Site "Plovdiv BUL"]
[Date "2008.03.18"]
[Round "6.3"]
[White "Spasov, Vasil"]
[Black "Radulski, Julian"]
[Result "1/2-1/2"]
[WhiteElo "2579"]
[BlackElo "2511"]
[PlyCount "105"]
[EventDate "2008.03.14"]
[EventType "tourn"]
[EventRounds "13"]
[EventCountry "BUL"]
[EventCategory "8"]
[Source "lmi"]
[SourceDate "2008.03.14"]

1. e4 e5 2. Nf3 Nc6 3. d4 exd4 4. Nxd4 Bc5 5. Be3 Qf6 6. c3 Nge7 7. g3 h5 8. h3
d5 9. Bg2 Bxd4 10. cxd4 dxe4 11. Nc3 Bf5 12. Nxe4 Bxe4 13. Bxe4 O-O-O 14. O-O
Nxd4 15. Qa4 Nec6 16. Rad1 a6 17. Bg2 g5 18. b4 g4 19. b5 Nxb5 20. Rxd8+ Rxd8
21. hxg4 Ncd4 22. g5 Qf5 23. Qc4 h4 24. gxh4 Qg4 25. Rc1 Nf3+ 26. Kh1 Rd4 27.
Qf1 Qxh4+ 28. Bh3+ Kb8 29. Qg2 Rf4 30. Rd1 Nd6 31. Qg3 Qxg3 32. fxg3 Re4 33.
Bf4 Re1+ 34. Rxe1 Nxe1 35. Be6 Nf3 36. Bd5 Nd4 37. g4 Kc8 38. Bxd6 cxd6 39.
Bxf7 Kd8 40. Bd5 Ke7 41. Bxb7 a5 42. Kg2 Ne6 43. g6 Kf6 44. Bc8 Nf4+ 45. Kf3
Nxg6 46. Ke4 Ne7 47. Bd7 Kg5 48. a4 Ng8 49. Kd5 Nf6+ 50. Kxd6 Nxd7 51. Kxd7
Kxg4 52. Kc6 Kf5 53. Kb6 1/2-1/2

[Event "72. Bulgaria ch"]
[Site "Plovdiv BUL"]
[Date "2008.03.18"]
[Round "6.4"]
[White "Petkov, Vladimir"]
[Black "Nikolov, Momchil"]
[Result "1/2-1/2"]
[WhiteElo "2434"]
[BlackElo "2500"]
[PlyCount "98"]
[EventDate "2008.03.14"]
[EventType "tourn"]
[EventRounds "13"]
[EventCountry "BUL"]
[EventCategory "8"]
[Source "lmi"]
[SourceDate "2008.03.14"]

1. d4 Nf6 2. c4 e6 3. Nc3 Bb4 4. e3 O-O 5. Bd3 d5 6. Nf3 c5 7. O-O Nc6 8. a3
Bxc3 9. bxc3 dxc4 10. Bxc4 Qc7 11. h3 e5 12. Ba2 Bf5 13. d5 Rad8 14. c4 e4 15.
Nh4 Bc8 16. Bb2 Qe7 17. f4 b6 18. Qe1 Na5 19. g4 Ne8 20. Rc1 Nd6 21. f5 f6 22.
Ng2 Ba6 23. Qe2 Qd7 24. Nf4 Qa4 25. g5 Naxc4 26. Bc3 Ne5 27. Qh5 Bxf1 28. gxf6
Qe8 29. fxg7 Rxf5 30. Qxe8+ Rxe8 31. Rxf1 Re7 32. Ne6 Nf3+ 33. Kh1 c4 34. Rd1
b5 35. Bb4 Rd7 36. Bb1 Ne5 37. Bxd6 Rxd6 38. Bxe4 Rf6 39. Rb1 a6 40. a4 Rb6 41.
axb5 axb5 42. Ra1 Rfxe6 43. dxe6 Kxg7 44. Bd5 Kf6 45. Ra7 b4 46. e7 Rb8 47. Rb7
Re8 48. Rxb4 Rxe7 49. Bxc4 Nxc4 1/2-1/2

[Event "72. Bulgaria ch"]
[Site "Plovdiv BUL"]
[Date "2008.03.18"]
[Round "6.5"]
[White "Janev, Evgeni"]
[Black "Rusev, Krasimir"]
[Result "1/2-1/2"]
[WhiteElo "2485"]
[BlackElo "2521"]
[PlyCount "88"]
[EventDate "2008.03.14"]
[EventType "tourn"]
[EventRounds "13"]
[EventCountry "BUL"]
[EventCategory "8"]
[Source "lmi"]
[SourceDate "2008.03.14"]

1. e4 c5 2. Nf3 d6 3. d4 Nf6 4. Nc3 cxd4 5. Qxd4 Nc6 6. Bb5 Bd7 7. Bxc6 Bxc6 8.
Bg5 e6 9. O-O-O Be7 10. Rhe1 O-O 11. Rd3 Qa5 12. e5 dxe5 13. Qxe5 Qxe5 14. Nxe5
Rfc8 15. f3 Kf8 16. Re2 h6 17. Bh4 Ke8 18. a3 Nd7 19. Bxe7 Nxe5 20. Rxe5 Kxe7
21. Kd2 g5 22. b4 b6 23. Re1 Rd8 24. a4 a5 25. Rb1 Rxd3+ 26. cxd3 g4 27. Ke3
gxf3 28. gxf3 Rc8 29. bxa5 bxa5 30. f4 h5 31. Nb5 Rg8 32. Nd4 Bd5 33. Rb5 Kf6
34. Rxa5 Rg2 35. Nf3 h4 36. Ra7 Bxf3 37. Kxf3 Rxh2 38. a5 Rd2 39. Ke3 h3 40.
Ra8 Kg7 41. Rb8 h2 42. Rb1 Ra2 43. Rh1 Kf6 44. a6 Kf5 1/2-1/2

[Event "72. Bulgaria ch"]
[Site "Plovdiv BUL"]
[Date "2008.03.18"]
[Round "6.6"]
[White "Mladenov, Plamen"]
[Black "Vasilev, Milen"]
[Result "0-1"]
[WhiteElo "2288"]
[BlackElo "2470"]
[PlyCount "64"]
[EventDate "2008.03.14"]
[EventType "tourn"]
[EventRounds "13"]
[EventCountry "BUL"]
[EventCategory "8"]
[Source "lmi"]
[SourceDate "2008.03.14"]

1. d4 Nf6 2. Bg5 e6 3. e4 c5 4. e5 h6 5. Bh4 g5 6. exf6 gxh4 7. Nc3 Qxf6 8.
dxc5 Bxc5 9. Qf3 Qxf3 10. Nxf3 h3 11. g3 d5 12. Bxh3 Nc6 13. Nb5 Ke7 14. c3 e5
15. Bxc8 Raxc8 16. a4 Rhd8 17. O-O a6 18. Na3 f6 19. Rfe1 Kf7 20. b4 Ba7 21.
Rac1 e4 22. b5 exf3 23. bxc6 bxc6 24. Red1 Rb8 25. Rd3 Rb3 26. Nc4 Rdb8 27. Nd2
Rb2 28. c4 dxc4 29. Rd7+ Ke6 30. Rxa7 Rxd2 31. Rxa6 Kd5 32. Ra7 Rbb2 0-1

[Event "72. Bulgaria ch"]
[Site "Plovdiv BUL"]
[Date "2008.03.18"]
[Round "6.7"]
[White "Milchev, Nikolay"]
[Black "Iotov, Valentin"]
[Result "1/2-1/2"]
[WhiteElo "2373"]
[BlackElo "2485"]
[PlyCount "107"]
[EventDate "2008.03.14"]
[EventType "tourn"]
[EventRounds "13"]
[EventCountry "BUL"]
[EventCategory "8"]
[Source "lmi"]
[SourceDate "2008.03.14"]

1. d4 Nf6 2. Nf3 e6 3. e3 b6 4. Bd3 Bb7 5. O-O c5 6. Qe2 Nc6 7. c3 Qc7 8. Nbd2
Be7 9. a3 d5 10. e4 cxd4 11. cxd4 dxe4 12. Nxe4 Nd5 13. g3 h6 14. Bd2 O-O 15.
Rad1 Rad8 16. Rfe1 Rfe8 17. Bb5 Qb8 18. Rc1 Rc8 19. Bxc6 Rxc6 20. Rxc6 Bxc6 21.
Ne5 Qb7 22. Bxh6 Nf6 23. Nxc6 Qxc6 24. Nxf6+ Bxf6 25. Be3 Qd5 26. Rd1 Rc8 27.
Rd3 Rd8 28. Rd2 Rc8 29. Qd1 Rc7 30. h4 g6 31. f3 b5 32. Kg2 a5 33. Rd3 b4 34.
axb4 axb4 35. Kh3 Rd7 36. Rd2 Bd8 37. Kg2 Bf6 38. Qa4 Qb7 39. Qb3 Kg7 40. Qc4
Rc7 41. Qd3 b3 42. Qe4 Qb5 43. Bh6+ Kxh6 44. Qf4+ Bg5 45. hxg5+ Qxg5 46. Qxg5+
Kxg5 47. Kf2 Rc1 48. Ke3 Re1+ 49. Kf2 Rc1 50. Ke3 Re1+ 51. Kf2 Rc1 52. Ke3 Re1+
53. Kf2 Rc1 54. Ke3 1/2-1/2

[Event "72. Bulgaria ch"]
[Site "Plovdiv BUL"]
[Date "2008.03.19"]
[Round "7.1"]
[White "Iotov, Valentin"]
[Black "Kozhuharov, Spas"]
[Result "1-0"]
[WhiteElo "2485"]
[BlackElo "2456"]
[PlyCount "67"]
[EventDate "2008.03.14"]
[EventType "tourn"]
[EventRounds "13"]
[EventCountry "BUL"]
[EventCategory "8"]
[Source "lmi"]
[SourceDate "2008.03.14"]

1. d4 d5 2. Nf3 Nf6 3. c4 dxc4 4. e3 e6 5. Bxc4 c5 6. O-O Nc6 7. Qe2 cxd4 8.
Rd1 Be7 9. exd4 O-O 10. Nc3 Na5 11. Bd3 b6 12. Bg5 Bb7 13. Rac1 Rc8 14. Bb1 Rc7
15. Bxf6 Bxf6 16. b4 Nc6 17. d5 exd5 18. Nxd5 Rc8 19. Rc4 Re8 20. Qc2 g6 21. b5
Ne5 22. Rxc8 Nxf3+ 23. gxf3 Bxc8 24. Nc7 Bd7 25. Nxe8 Qxe8 26. a4 Bh3 27. Qe4
Qc8 28. Qc6 Qe6 29. Qxe6 Bxe6 30. Be4 Bb3 31. Rd7 Bxa4 32. Bd5 Bxb5 33. Rxf7
Bb2 34. Rf4+ 1-0

[Event "72. Bulgaria ch"]
[Site "Plovdiv BUL"]
[Date "2008.03.19"]
[Round "7.2"]
[White "Vasilev, Milen"]
[Black "Milchev, Nikolay"]
[Result "1-0"]
[WhiteElo "2470"]
[BlackElo "2373"]
[PlyCount "73"]
[EventDate "2008.03.14"]
[EventType "tourn"]
[EventRounds "13"]
[EventCountry "BUL"]
[EventCategory "8"]
[Source "lmi"]
[SourceDate "2008.03.14"]

1. d4 Nf6 2. c4 g6 3. Nc3 Bg7 4. Nf3 O-O 5. e4 d6 6. Be2 e5 7. O-O Nc6 8. d5
Ne7 9. Ne1 Nd7 10. Be3 f5 11. f3 f4 12. Bf2 g5 13. Rc1 Rf6 14. c5 Nxc5 15. b4
Na6 16. Nb5 Rg6 17. Nxa7 Nxb4 18. Qb3 b6 19. Nb5 Rxa2 20. Bc4 Rxf2 21. Rxf2 Na6
22. Qa3 Nc5 23. Qa7 Bd7 24. Qxc7 Qxc7 25. Nxc7 h5 26. Rb2 g4 27. Rxb6 gxf3 28.
Nxf3 Bg4 29. Nh4 Rh6 30. Re1 Kh7 31. Ne8 Nc8 32. Rb8 Bf6 33. Nf5 Bxf5 34. exf5
Ne7 35. Nxd6 Bh4 36. f6 Rxf6 37. Rxe5 1-0

[Event "72. Bulgaria ch"]
[Site "Plovdiv BUL"]
[Date "2008.03.19"]
[Round "7.3"]
[White "Rusev, Krasimir"]
[Black "Mladenov, Plamen"]
[Result "1/2-1/2"]
[WhiteElo "2521"]
[BlackElo "2288"]
[PlyCount "103"]
[EventDate "2008.03.14"]
[EventType "tourn"]
[EventRounds "13"]
[EventCountry "BUL"]
[EventCategory "8"]
[Source "lmi"]
[SourceDate "2008.03.14"]

1. c4 f5 2. Nf3 Nf6 3. g3 g6 4. d4 Bg7 5. b4 O-O 6. Bg2 d6 7. Bb2 c6 8. Nbd2
Qe8 9. O-O Nbd7 10. a4 e5 11. dxe5 dxe5 12. e4 Nxe4 13. Nxe4 fxe4 14. Ng5 Nf6
15. Nxe4 Nxe4 16. Bxe4 Bh3 17. Re1 Qf7 18. Qc2 Rad8 19. Ra3 Bf5 20. Bxf5 Qxf5
21. Qxf5 Rxf5 22. Rae3 Rd2 23. R3e2 Rxe2 24. Rxe2 Bf8 25. c5 a5 26. bxa5 Bxc5
27. Bxe5 Bxf2+ 28. Kg2 Bc5 29. g4 Rf7 30. Rc2 Bb4 31. a6 bxa6 32. Rxc6 a5 33.
Rc8+ Rf8 34. Rxf8+ Kxf8 35. Kf3 Ke7 36. Ke4 Ke6 37. h3 h5 38. gxh5 gxh5 39. Bg3
Kf6 40. Kd5 Kf5 41. Kc4 Ke4 42. Kb5 Kf3 43. Bc7 h4 44. Bxa5 Bxa5 45. Kxa5 Kg3
46. Kb5 Kxh3 47. a5 Kg2 48. a6 h3 49. a7 h2 50. a8=Q+ Kg1 51. Qg8+ Kh1 52. Kc4
1/2-1/2

[Event "72. Bulgaria ch"]
[Site "Plovdiv BUL"]
[Date "2008.03.19"]
[Round "7.4"]
[White "Nikolov, Momchil"]
[Black "Janev, Evgeni"]
[Result "1/2-1/2"]
[WhiteElo "2500"]
[BlackElo "2485"]
[PlyCount "95"]
[EventDate "2008.03.14"]
[EventType "tourn"]
[EventRounds "13"]
[EventCountry "BUL"]
[EventCategory "8"]
[Source "lmi"]
[SourceDate "2008.03.14"]

1. d4 d6 2. e4 Nf6 3. f3 Nbd7 4. c4 e5 5. Ne2 c6 6. Nbc3 Be7 7. Be3 O-O 8. d5
cxd5 9. cxd5 Ne8 10. Qd2 g6 11. O-O-O Ng7 12. Kb1 f5 13. Rc1 Nf6 14. h3 fxe4
15. fxe4 b5 16. Ng3 a6 17. Bd3 Bd7 18. Rhf1 Rc8 19. a3 Rb8 20. b4 Rb7 21. Rf3
a5 22. Kb2 Nfh5 23. Rxf8+ Qxf8 24. Nge2 Nf4 25. Nxf4 exf4 26. Bxf4 axb4 27.
axb4 Bf6 28. Be3 Nh5 29. Kb3 Be5 30. Ne2 Qf6 31. Qa2 Qd8 32. g4 Nf6 33. Nd4 Rb8
34. Qa5 Qe8 35. Rc7 Nxe4 36. Rxd7 Qxd7 37. Bxe4 Qf7 38. Nc6 Qf1 39. Nxe5 Re8
40. Bd4 Qd1+ 41. Kc3 dxe5 42. Bc5 Qe1+ 43. Kd3 Qf1+ 44. Kd2 Qf4+ 45. Kd3 Qf1+
46. Kd2 Qf4+ 47. Kd3 Qf1+ 48. Kd2 1/2-1/2